Form and Style (Record no. 84630)

MARC details
000 -LEADER
fixed length control field 00789nam a22002777a 4500
003 - CONTROL NUMBER IDENTIFIER
control field URS
005 - DATE AND TIME OF LATEST TRANSACTION
control field 20250828100449.0
008 - FIXED-LENGTH DATA ELEMENTS--GENERAL INFORMATION
fixed length control field 250319b ||||| |||| 00| 0 eng d
020 ## - INTERNATIONAL STANDARD BOOK NUMBER
International Standard Book Number 0395432049
040 ## - CATALOGING SOURCE
Transcribing agency URS
050 ## - LIBRARY OF CONGRESS CALL NUMBER
Classification number LB2369
Item number .C153 1990
100 ## - MAIN ENTRY--PERSONAL NAME
9 (RLIN) 11424
Personal name Campbell, William Giles
245 ## - TITLE STATEMENT
Title Form and Style
Remainder of title Theses, Reports, Term Papers
250 ## - EDITION STATEMENT
Edition statement 8th Edition
264 ## - PRODUCTION, PUBLICATION, DISTRIBUTION, MANUFACTURE, AND COPYRIGHT NOTICE
Place of production, publication, distribution, manufacture Boston
Name of producer, publisher, distributor, manufacturer Houghton Mifflin
Date of production, publication, distribution, manufacture, or copyright notice ©1990
300 ## - PHYSICAL DESCRIPTION
Extent 279 pages.,:
Dimensions 27 cm.
336 ## - CONTENT TYPE
Source rdacontent
Content type term text
337 ## - MEDIA TYPE
Source rdamedia
Media type term unmediated
338 ## - CARRIER TYPE
Source rdacarrier
Carrier type term volume
650 #0 - SUBJECT ADDED ENTRY--TOPICAL TERM
9 (RLIN) 1982
Topical term or geographic name entry element Dissertations, Academic
650 #0 - SUBJECT ADDED ENTRY--TOPICAL TERM
9 (RLIN) 2222
Topical term or geographic name entry element Report writing
650 #0 - SUBJECT ADDED ENTRY--TOPICAL TERM
9 (RLIN) 5356
Topical term or geographic name entry element Thesis writing
700 ## - ADDED ENTRY--PERSONAL NAME
9 (RLIN) 11425
Personal name Ballou, Stephen Vaughan
700 ## - ADDED ENTRY--PERSONAL NAME
9 (RLIN) 11426
Personal name Slade, Carole
942 ## - ADDED ENTRY ELEMENTS (KOHA)
Source of classification or shelving scheme Library of Congress Classification
Koha item type Reserved Books
Holdings
Withdrawn status Source of classification or shelving scheme Damaged status Not for loan Collection code Home library Current library Date acquired Total Checkouts Full call number Barcode Date last seen Price effective from Koha item type
  Library of Congress Classification     Non-fiction Morong Graduate Library Morong Graduate Library 03/19/2025   LB2369 .C153 1990 URSMOR-GL-1052 03/19/2025 03/19/2025 Reserved Books
  Library of Congress Classification     Non-fiction Morong College Library Morong Graduate Library 03/19/2025   LB2369 .C153 1990 URSMOR-GL-3546 03/19/2025 03/19/2025 Reserved Books
  Library of Congress Classification     Non-fiction Morong Graduate Library Morong Graduate Library 03/19/2025   LB2369 .C153 1990 URSMOR-GL-3547 03/19/2025 03/19/2025 Reserved Books
  Library of Congress Classification     Non-fiction Morong Graduate Library Morong Graduate Library 03/19/2025   LB2369 .C153 1990 URSMOR-GL-3548 03/19/2025 03/19/2025 Reserved Books
  Library of Congress Classification     Non-fiction Morong Graduate Library Morong Graduate Library 03/19/2025   LB2369 .C153 1990 URSMOR-GL-3549 03/19/2025 03/19/2025 Reserved Books

University of Rizal System
Email us at univlibservices@urs.edu.ph

Visit our Website www.urs.edu.ph/library